00317nam a2200121Ia 4500003000400000008004100004020002600045040000800071100002700079245003900106260004000145300001000185LDD181101s9999 xx 000 0 und d a9788175877689c163.00 cLDD aRizvi, Sifarish Husain 0aUrdu marsiacSifarish Husain Rizvi aNew DelhibMaktaba Jamia Ltd.c2012 a376p.